Coming of gun powder and the response of Indian polity (Record no. 494782)

000 -LEADER
fixed length control field 00395cam a22001217a 4500
008 - FIXED-LENGTH DATA ELEMENTS--GENERAL INFORMATION
fixed length control field 180718b1981 xxu||||| |||| 00| 0 eng d
082 ## - DEWEY DECIMAL CLASSIFICATION NUMBER
Classification number B C333/34-36
100 ## - MAIN ENTRY--PERSONAL NAME
Personal name Khan, Iqtidar Alam
245 ## - TITLE STATEMENT
Title Coming of gun powder and the response of Indian polity
Statement of responsibility, etc. by Iqtidar Alam Khan
260 ## - PUBLICATION, DISTRIBUTION, ETC.
Place of publication, distribution, etc. Calcutta
Name of publisher, distributor, etc. Centre for studies in social sciences
Date of publication, distribution, etc. 1981
300 ## - PHYSICAL DESCRIPTION
Extent 30p
500 ## - GENERAL NOTE
General note Occasional paper No.35
Holdings
Withdrawn status Lost status Damaged status Not for loan Permanent Location Current Location Date acquired Full call number Barcode Date last seen Price effective from Koha item type
        Indian Institute of Public Administration Indian Institute of Public Administration 2018-08-04 B C333/34-36 GR10860 2018-08-04 2018-08-04 GR

Powered by Koha